LEADER 01065nam0-22003491i-450- 001 990007863130403321 005 20130912114715.0 010 $a88-217-1647-3 035 $a000786313 035 $aFED01000786313 035 $a(Aleph)000786313FED01 035 $a000786313 100 $a20130912d2002----km-y0itay50------ba 101 0 $aita 102 $aIT 105 $ay-------001yy 200 1 $a<>nuova disciplina del socio lavoratore di cooperativa$eL. n. 142/2001 e provvedimenti attuativi$fa cura di Domenico Garofalo e Michele Miscione 210 $aPadova$cIPSOA$d2002 215 $aXV, 424 p.$d21 cm 225 1 $aLeggi e lavoro$v5 676 $a334.068$v20$zita 702 1$aGarofalo,$bDomenico$f<1951- > 702 1$aMiscione,$bMichele$f<1942- > 801 0$aIT$bUNINA$gRICA$2UNIMARC 901 $aBK 912 $a990007863130403321 952 $aA-III-158$b12215$fDDRC 952 $aDPR29/896$b21287$fDEC 959 $aDDRC 959 $aDEC 996 $aNuova disciplina del socio lavoratore di cooperativa$9287799 997 $aUNINA LEADER 03231nam 2200589 450 001 996207001803316 005 20230621135344.0 010 $a8884535212 (ebook) 010 $a9788884535214 010 $z8884535220 (paperback) 010 $z9788884535221 035 $a(CKB)3400000000018735 035 $a(ItFiC)it 06539408 035 $a(WaSeSS)Ind00074606 035 $a(oapen)https://directory.doabooks.org/handle/20.500.12854/29480 035 $a(EXLCZ)993400000000018735 100 $a20090107h20062006 uy 0 101 0 $aita 135 $aur||#|||||||| 181 $ctxt$2rdacontent 182 $cc$2rdamedia 183 $acr$2rdacarrier 200 10$aIllacrimate sepolture $ecuriosita? e ricerca scientifica nella storia delle riesumazioni dei Medici /$fDonatella Lippi 210 $cFirenze University Press$d2006 210 1$aFirenze :$cFirenze University Press,$d2006. 210 4$d©2006 215 $a1 online resource (161 pages) $cillustrations; digital, PDF file(s) 311 08$aPrint version: 9788884535221 320 $aIncludes bibliographical references. 330 $aThe "Medici Project" ? launched in 2004 ? comprises a palaeopathological study of the corpses of the Medici buried in the Medici Chapels. The exhumations which took place in the past have altered the original state of the sepulchres, frequently compromising their conservation. Through the study of archive documents and iconographic material, this book is offered as a contribution to the contextualisation of these operations, and represents not only a starting-point for further investigations, but a fundamental working tool for the "Medici Project" itself. 330 $aIllacrimate sepolture prende spunto dalla recente ricerca paleopatologica e storica delle salme dei membri della famiglia Medici, sepolti nella cripta delle Cappelle Medicee, per guardare indietro alla storia delle precedenti esumazioni, a partire dal 1559, quando furono traslati i corpi di Lorenzo il Magnifico e di Giuliano, suo fratello, fino alla esumazione del secolo scorso, condotta da Giuseppe Genna e Gaetano Pieraccini. Ripercorrere le vicende di queste sepolture, spiegando le motivazioni delle scelte (a volte discutibili) del passato, e contestualizzando i diversi interventi alla luce delle esigenze che li avevano motivati, può infatti servire a indicare la strada più giusta ai ricercatori attualmente impegnati nel Progetto Medici. Fondata su documenti d'archivio e materiale iconografico prevalentemente inedito, la presente ricerca si propone quindi come punto di partenza per indagini ulteriori, e come imprescindibile strumento di lavoro. 606 $aExhumations 606 $aMedical science 610 $ascienza 610 $amedici 610 $ariesumazioni 610 $amedicina 610 $amedicine 610 $aflorence 610 $afirenze 610 $ascience 610 $aexhumations 615 0$aExhumations. 615 0$aMedical science. 676 $a945 700 $aLippi$b Donatella$0627994 801 0$bItFiC 801 1$bItFiC 801 2$bUkMaJRU 912 $a996207001803316 996 $aIllacrimate sepolture$91229400 997 $aUNISA LEADER 02058nam 2200625 a 450 001 9910781156603321 005 20200520144314.0 010 $a1-84964-146-3 035 $a(CKB)2550000000013234 035 $a(SSID)ssj0000411926 035 $a(PQKBManifestationID)11289783 035 $a(PQKBTitleCode)TC0000411926 035 $a(PQKBWorkID)10357856 035 $a(PQKB)10546705 035 $a(Au-PeEL)EBL3386310 035 $a(CaPaEBR)ebr10479840 035 $a(CaONFJC)MIL987626 035 $a(OCoLC)923332200 035 $a(MiAaPQ)EBC3386310 035 $a(EXLCZ)992550000000013234 100 $a20020531d2003 uy 0 101 0 $aeng 135 $aurcn||||||||| 181 $ctxt 182 $cc 183 $acr 200 00$aAnti-capitalism$b[electronic resource] $ea Marxist introduction /$fedited by Alfredo Saad-Filho 210 $aLondon ;$aSterling, Va. $cPluto Press$d2003 215 $avii, 269 p. $cill 300 $aBibliographic Level Mode of Issuance: Monograph 311 $a0-7453-1894-0 311 $a0-7453-1893-2 320 $aIncludes bibliographical references and index. 327 $apt. 1. Capital, exploitation and conflict -- pt. 2. Global capitalism -- pt. 3. Crisis and the supercession of capitalism. 606 $aCapitalism 606 $aMarxian economics 606 $aCapitalism$xMoral and ethical aspects 606 $aGlobalization$xMoral and ethical aspects 606 $aGlobalization$xEconomic aspects 606 $aGlobalization$xSocial aspects 615 0$aCapitalism. 615 0$aMarxian economics. 615 0$aCapitalism$xMoral and ethical aspects. 615 0$aGlobalization$xMoral and ethical aspects. 615 0$aGlobalization$xEconomic aspects. 615 0$aGlobalization$xSocial aspects. 676 $a330.12/2 701 $aSaad-Filho$b Alfredo$f1964-$0728478 801 0$bMiAaPQ 801 1$bMiAaPQ 801 2$bMiAaPQ 906 $aBOOK 912 $a9910781156603321 996 $aAnti-capitalism$93750983 997 $aUNINA